Statistics for Top 15 Countries with Covid-19 Deaths - 23 July

Click here to take the quiz!

General Stats

  • This quiz has been taken 16 times
  • The average score is 13 of 20

Answer Stats

country% Correct
Russia
100%
United States
100%
Germany
94%
India
94%
United Kingdom
94%
Mexico
88%
Canada
81%
France
75%
Italy
75%
Spain
75%
Brazil
69%
Iran
56%
Sweden
56%
Belgium
50%
Netherlands
50%
Chile
44%
Ireland
38%
Peru
38%
Ecuador
25%
Panama
19%

Score Distribution

Percentile by Number Answered

Percent of People with Each Score

Your Score History

You have not taken this quiz